000 00815nam a2200169 4500
999 _c63801
_d63801
003 Ge_BSU
005 20260115211140.0
008 260115s1981 ge ||||| |||| 00| 0 geo d
041 _ageo
080 _a94(479.22) : 338(479.22) ს-13
245 _aსაბჭოთა საქართველო :
_b(მოკლე ისტორიულ-ეკონომიური ნარკვევები) 1921-1981 /
_c ეკონომიკისა და სამართლის ინ-ტი.
264 _aთბ. :
_b მეცნიერება,
_c1981.
300 _a262გვ. ;
_b 22სმ.
653 _aსაქართველოს ახალი ისტორია.
653 _aსაქართველოს ეკონომიკა.
942 _2udc
_cᲬᲘᲒᲜᲘ